| 000 | 00504nam a22001817a 4500 | ||
|---|---|---|---|
| 008 | 230627b |||||||| |||| 00| 0 eng d | ||
| 020 | _a0-12-088589-1 | ||
| 040 |
_aNational Science Library _cNational Science Library |
||
| 080 |
_a523(031) _bP7 |
||
| 245 | _aEncyclopedia of the solar system | ||
| 250 | _a2nd ed. | ||
| 260 |
_aAmsterdam: _bElsevier, _c2006 |
||
| 300 | _axix, 966p. | ||
| 650 | _aSolar system | ||
| 653 | _aUniverse | ||
| 700 | _aMcdden, Lucy-Ann (Ed.) | ||
| 942 |
_2udc _cENC |
||
| 999 |
_c47581 _d47581 |
||